Los Dilemas Políticos del Sandinismo
Kaydedildi:
| Materyal Türü: | Metin |
|---|---|
| Konular: | |
| Etiketler: |
Etiketle
Etiket eklenmemiş, İlk siz ekleyin!
|
MARC
| LEADER | 00000 a a2200000 04500 | ||
|---|---|---|---|
| 001 | 7012 | ||
| 003 | |||
| 040 | |||
| 245 | |a Los Dilemas Políticos del Sandinismo | ||
| 650 | |a SINDICATOS | ||
| 650 | |a GOBIERNO | ||
| 650 | |a POLITICA ECONOMICA | ||
| 650 | |a AJUSTE ESTRUCTURAL | ||
| 650 | |a MOVIMIENTOS SOCIALES | ||
| 650 | |a EMPLEO | ||
| 650 | |a PARTIDOS POLITICOS | ||
| 650 | |a SALARIOS | ||
| 650 | |a CONSUMO | ||
| 650 | |a POLITICA SOCIAL | ||
| 650 | |a ADMINISTRACION DE JUSTICIA | ||
| 650 | |a MODERNIZACION | ||
| 650 | |a CRISIS POLITICA | ||
| 773 | |g volumen 10, número 116; páginas 1-11 | ||
| 999 | |c 33139 |d 33139 | ||
